| Поле | Инд. | ПП | Название | Значение |
|---|---|---|---|---|
| Тип записи | a | |||
| Библиографический уровень | s | |||
| 001 | Контрольный номер | ccc66d08000c48b1b2f188ddd928df5a | ||
| 005 | Дата корректировки | 20250219200038.0 | ||
| 011 | a | ISSN | 2073-3313 | |
| 102 | a | Страна публикации | RU | |
| 200 | 1_ | e | Сведения, относящиеся к заглавию | научно-практический журнал |
| b | Общее обозначение материала | Электронный ресурс | ||
| a | Заглавие | Закон и право | ||
| 203 | a | Вид содержания | Текст : электронный | |
| 210 | 1_ | c | Издательство | Юнити-Дана |
| a | Место издания | Москва | ||
| d | Дата издания | 2020 | ||
| 300 | a | Общие примечания | Архив с 01.2019 по 06.2020 | |
| 326 | a | Примечания о периодичности (серийного издания) | Ежемес. | |
| 500 | 1_ | e | научно-практический журнал | |
| b | Общее обозначение материала | Электронный ресурс | ||
| a | Унифицированное заглавие | Закон и право | ||
| a | Унифицированное заглавие | Закон и право | ||
| 610 | 0_ | a | Ключевые слова | Периодика 2020 |
| 801 | _0 | a | Страна | RU |
| b | Организация | РГУП | ||
| g | Правила каталогизации | PSBO | ||
| 801 | _1 | a | Страна | RU |
| b | Организация | РГУП | ||
| g | Правила каталогизации | PSBO | ||
| 856 | 4_ | a | Внешний URL ресурс | ЭБС Руконт. Доступ по логину и паролю (архив) |
| u | URL | https://rucont.ru/efd/638484?year=2019 | ||
| 901 | t | Тип документа | u | |
| 905 | a | Дата ввода | 20180607 | |
| 953 | a | Вид документа | Журнал электронный |